| 000 | 00674nam a22001937a 4500 | ||
|---|---|---|---|
| 999 |
_c192252 _d192252 |
||
| 005 | 20220919122356.0 | ||
| 010 | _aB-745527 | ||
| 020 |
_a978938176124 _c295.00 |
||
| 035 | _aB-745527 | ||
| 037 | _bOakBridge | ||
| 245 |
_aContemporary Social Issues: _bSecond Edition 2019/ _cedited by Smarak Swain |
||
| 250 | _a2nd | ||
| 260 |
_aHaryana _bOakBridge Publishing _c2019 |
||
| 270 |
_aM 35, 1st Floor, Old DLF, Gurugram, _bHaryana _e122001 _k91 1244305970 _minfo@oakbridge.in |
||
| 300 |
_a374p _c24cm(pbk) |
||
| 505 | _a | ||
| 942 |
_2ddc _cEN _mCON _h361.954 |
||